000 00230 a2200097 4500
001 46382
100 _aDoig, P
245 _aAn outline of stellar Astronomy
260 _aLondon
_bHutchinson's Scientific
_c
090 _c29502
_d29502
942 _aNUST-CAE
_cM
_c21672
999 _c281455
_d281455